Zamestnávanie a vysielanie občanov v rámci EÚ

Nadnárodný pohyb zamestnancov je jedna zo štyroch základných slobôd, na ktorých je založená samotná EÚ. Zamestnávanie občanov EÚ a Európskeho hospodárskeho priestoru na území SR. Vysielanie zamestnancov v rámci EÚ. Európska právna úprava.

Gespeichert in:
Bibliographische Detailangaben
1. Verfasser: Sninčák, Tomáš
Format: Buchkapitel
Sprache:Slowakisch
Schlagworte:
Tags: Tag hinzufügen
Keine Tags, Fügen Sie das erste Tag hinzu!

MARC

LEADER 00000naa a2200000 4500
001 0157056
005 20231120125726.4
041 0 |a slo 
044 |a SK 
245 1 0 |a Zamestnávanie a vysielanie občanov v rámci EÚ  |c Tomáš Sninčák 
520 |a Nadnárodný pohyb zamestnancov je jedna zo štyroch základných slobôd, na ktorých je založená samotná EÚ. Zamestnávanie občanov EÚ a Európskeho hospodárskeho priestoru na území SR. Vysielanie zamestnancov v rámci EÚ. Európska právna úprava. 
610 2 0 |a pohyb síl pracovných 
610 2 0 |a práca v zahraničí 
610 2 0 |a pracovníci zahraniční 
610 2 0 |a Európska únia 
610 2 0 |a Európsky ekonomický priestor 
610 2 0 |a úpravy právne 
100 1 |a Sninčák, Tomáš